Normal view
MARC view
- Krasney , Martin
Entry Personal Name
001 - CONTROL NUMBER
- control field: 2958
003 - CONTROL NUMBER IDENTIFIER
- control field: JO-AjAnu
005 - DATE AND TIME OF LATEST TRANSACTION
- control field: 20230606070804.0
008 - FIXED-LENGTH DATA ELEMENTS
- fixed length control field: 230606|| aca||aabn | a|a d
040 ## - CATALOGING SOURCE
- Original cataloging agency: JO-AjAnu
- Transcribing agency: JO-AjAnu
100 ## - HEADING--PERSONAL NAME
- Personal name: Krasney , Martin
670 ## - SOURCE DATA FOUND
- Source citation: Work cat.: (JO-AjAnu)1550: Krasney , Martin , author, EXECUTIVE SEMINAR READINGS ON THE CORPORATION AND SOCIETY